| 000 | 007000000a22002050004500 | ||
|---|---|---|---|
| 003 | LK-CoMWRAF | ||
| 008 | 230817t1995 ||||| |||| 00| 0 eng d | ||
| 020 | _a0917846672 | ||
| 040 |
_aLK-CoMWRAF _dLK-CoMWRAF _eLK-CoMWRAF |
||
| 041 | _aeng | ||
| 082 |
_a026.3054 _bWOM |
||
| 111 |
_aHISTORY OF WOMEN IN AMERICA _c(Radcliffe College, _d17-20 June 1994) |
||
| 245 |
_aWomen information and the future: _bcollecting and sharing resources worldwide |
||
| 260 |
_aWisconsin: _bHighsmith Press, _c1995 |
||
| 300 |
_axxiii, 296 p. : ill. ; 23 cm. _bIndex included |
||
| 650 | _aWOMEN-Information | ||
| 650 | _a Women's studies libraries--Congresses. | ||
| 700 |
_a Moseley, Eva Steiner _eed. |
||
| 942 | _cCP | ||
| 999 |
_c1991 _d1991 |
||